[Event "TCh-NOR Elite 2023-24"]
[Site "Oslo NOR"]
[Date "2023.10.28"]
[Round "2.53"]
[White "Nielsen, Andre"]
[Black "Tisdall, Jonathan D"]
[Result "1/2-1/2"]
[WhiteTitle "FM"]
[BlackTitle "GM"]
[WhiteElo "2263"]
[BlackElo "2368"]
[WhiteTeam "Alta"]
[BlackTeam "Asker"]
[WhiteFideId "1518240"]
[BlackFideId "1500066"]
[EventDate "2023.10.27"]
[EventType "team"]

1. e4 c5 2. Nf3 e6 3. d4 cxd4 4. Nxd4 a6 5. Nc3 b5 6. Bd3 Bb7 7. O-O Nc6 8. Nxc6
Bxc6 9. Re1 Ne7 10. e5 Ng6 11. Qh5 Qh4 12. Qxh4 Nxh4 13. Ne4 Be7 14. f4 f5 15.
exf6 gxf6 16. Bf1 f5 17. Ng3 h5 18. Kf2 Kf7 19. Be3 Rag8 20. Rad1 Rg4 21. Rd2 e5
22. h3 exf4 23. hxg4 fxe3+ 24. Rxe3 hxg4 25. Re5 Bf6 26. Rxf5 Nxf5 27. Nxf5 Bxb2
28. c4 Be5 29. cxb5 axb5 30. Nd6+ Bxd6 31. Rxd6 Ra8 32. Rd2 Ra3 33. Rb2 g3+ 34.
Ke1 Kf6 35. Bxb5 Bxb5 36. Rxb5 Rxa2 37. Rb3 Rxg2 38. Kf1 Rf2+ 39. Ke1 Rg2 40.
Kf1 Ra2 41. Rxg3 d5 42. Re3 Kf5 43. Ke1 Kf4 44. Rh3 Ke4 45. Kd1 Kd4 46. Kc1 Kc4
47. Kd1 d4 48. Kc1 Rg2 49. Kd1 Rg4 50. Kd2 Rg2+ 51. Kd1 Ra2 52. Kc1 d3 53. Rh8 1/2-1/2

[Event "TCh-NOR Elite 2023-24"]
[Site "Oslo NOR"]
[Date "2023.10.28"]
[Round "2.54"]
[White "Sahl, Bjarke"]
[Black "Skaar, Ben Samuel Groth"]
[Result "1/2-1/2"]
[WhiteTitle "IM"]
[WhiteElo "2223"]
[BlackElo "2032"]
[WhiteTeam "Asker"]
[BlackTeam "Alta"]
[WhiteFideId "1400231"]
[BlackFideId "1552660"]
[EventDate "2023.10.27"]
[EventType "team"]

1. d4 Nf6 2. Nf3 e6 3. g3 b6 4. Bg2 Bb7 5. c4 Be7 6. O-O O-O 7. Nc3 d5 8. cxd5
exd5 9. Bf4 c6 10. a3 a5 11. Qc2 Re8 12. Rad1 Nbd7 13. Ne5 Rc8 14. Bh3 Ra8 15.
e4 dxe4 16. Nxe4 Nxe4 17. Bxd7 Nf6 18. Qb3 Nd5 19. Rfe1 Bf8 20. Bxc6 Bxc6 21.
Nxc6 Qd7 22. Ne5 Qb7 23. Qf3 Rad8 24. Nc4 Qd7 25. Rxe8 Qxe8 26. Ne3 Qb5 27. Nxd5
Rxd5 28. Be3 Qd7 29. Rc1 h6 30. h4 a4 31. Qe4 b5 32. Rc8 f5 33. Qe8 Qxe8 34.
Rxe8 Kf7 35. Rb8 Be7 36. Rb6 Bf6 37. Kf1 g5 38. hxg5 hxg5 39. f3 f4 40. gxf4
gxf4 41. Bf2 Rh5 42. Kg2 Rg5+ 43. Kh3 Rh5+ 44. Kg4 Rh2 45. Be1 Bxd4 46. Rxb5
Bxb2 47. Bb4 Bc1 48. Ra5 Ke6 49. Rxa4 Rg2+ 50. Kh4 Rg3 51. Ra6+ Kf5 52. Ra5+ Ke6
53. Ra6+ Kf5 54. Ra5+ Ke6 1/2-1/2

[Event "TCh-NOR Elite 2023-24"]
[Site "Oslo NOR"]
[Date "2023.10.28"]
[Round "2.55"]
[White "Hammari, Vinjar"]
[Black "Hammerstad, Asmund"]
[Result "1-0"]
[BlackTitle "CM"]
[WhiteElo "1997"]
[BlackElo "2169"]
[WhiteTeam "Alta"]
[BlackTeam "Asker"]
[WhiteFideId "1552007"]
[BlackFideId "1502140"]
[EventDate "2023.10.27"]
[EventType "team"]

1. Nf3 f5 2. g3 Nf6 3. Bg2 d6 4. d4 e6 5. O-O Be7 6. c4 O-O 7. b3 Ne4 8. Nbd2
Nc6 9. Bb2 Bf6 10. e3 a5 11. Ne1 Nxd2 12. Qxd2 e5 13. Bd5+ Kh8 14. Bxc6 bxc6 15.
dxe5 Bxe5 16. Bxe5 dxe5 17. Qxd8 Rxd8 18. Nf3 Re8 19. Rfd1 Kg8 20. Rd2 c5 21.
Rad1 Bb7 22. Nh4 g6 23. f4 Bc6 24. Kf2 a4 25. Nf3 exf4 26. gxf4 axb3 27. axb3
Bxf3 28. Kxf3 Rab8 29. Rb1 c6 30. Rd6 Rb6 31. h4 Kf7 32. h5 Re6 33. Rd7+ Re7 34.
Rd8 Re8 35. Rxe8 Kxe8 36. h6 Rb7 37. Ra1 Ke7 38. Ra8 Ke6 39. Re8+ Kd6 40. Rh8
Ke6 41. Rg8 Rd7 42. Kg3 Rd3 43. Kf3 Rd2 44. Re8+ Kf6 45. Rc8 Rh2 46. Rxc6+ Kf7
47. Rc7+ Kg8 48. Rxc5 Rxh6 49. Kg2 Rh4 50. b4 Rg4+ 51. Kf2 Rh4 52. b5 Rh2+ 53.
Kg3 Rb2 54. Rc6 Kg7 55. b6 h5 56. Rc7+ Kh6 57. c5 1-0

[Event "TCh-NOR Elite 2023-24"]
[Site "Oslo NOR"]
[Date "2023.10.28"]
[Round "2.56"]
[White "Strand, Vetle Bjorge"]
[Black "Mikalsen, Harald"]
[Result "1-0"]
[WhiteElo "2133"]
[BlackElo "1944"]
[WhiteTeam "Asker"]
[BlackTeam "Alta"]
[WhiteFideId "1550071"]
[BlackFideId "1511564"]
[EventDate "2023.10.27"]
[EventType "team"]

1. e4 e5 2. Nf3 Nc6 3. Bb5 a6 4. Ba4 Nf6 5. d3 d6 6. c3 Be7 7. O-O O-O 8. Re1 h6
9. h3 Nh7 10. d4 b5 11. Bc2 Bf6 12. Be3 Ne7 13. Nbd2 g5 14. Nf1 Ng6 15. dxe5
dxe5 16. Bc5 Re8 17. Ne3 Nf4 18. Nh2 Qxd1 19. Raxd1 Nf8 20. Nhg4 Bg7 21. Bxf8
Kxf8 22. Nf5 h5 23. Nge3 Be6 24. Bb3 Rad8 25. Bd5 Nxd5 26. exd5 Bxf5 27. Nxf5
Rd7 28. b3 f6 29. g4 h4 30. Kg2 Kf7 31. Kf3 Bf8 32. Ke4 Red8 33. b4 Ra8 34. Ne3
a5 35. a3 Rdd8 36. Nc2 Ra6 37. Rd3 Rda8 38. Kf5 c5 39. dxc6 Rxc6 40. Ne3 axb4
41. axb4 Ra7 42. Red1 Be7 43. Rd7 Rcc7 44. Rxc7 Rxc7 45. Rd3 Ra7 46. Rd5 Rb7 47.
Ke4 Ke6 48. Kd3 Rb6 49. Kd2 e4 50. Rd4 Bd6 51. Rxe4+ Be5 52. c4 bxc4 53. Rxc4
Bf4 54. Re4+ Kd7 55. Kd3 Bxe3 56. Kxe3 Ra6 57. Rd4+ Ke6 58. b5 Rb6 59. Rb4 Kd5
60. f4 Re6+ 61. Kf3 Kc5 62. Re4 Rd6 63. fxg5 Kxb5 64. gxf6 Rxf6+ 65. Rf4 Rg6 66.
Rf5+ Kc6 67. g5 Kd6 68. Kg4 Ke6 69. Ra5 Rg8 70. Kxh4 Kf7 71. Kg4 1-0

[Event "TCh-NOR Elite 2023-24"]
[Site "Oslo NOR"]
[Date "2023.10.29"]
[Round "3.11"]
[White "Miezis, Normunds"]
[Black "Hauge, Lars Oskar"]
[Result "0-1"]
[WhiteTitle "GM"]
[BlackTitle "GM"]
[WhiteElo "2391"]
[BlackElo "2481"]
[WhiteTeam "Asker"]
[BlackTeam "OSS"]
[WhiteFideId "11600136"]
[BlackFideId "1509276"]
[EventDate "2023.10.27"]
[EventType "team"]

1. c4 f5 2. Nc3 Nf6 3. g3 g6 4. Bg2 Bg7 5. d4 d6 6. Nf3 O-O 7. O-O Nc6 8. d5 Ne5
9. Qb3 Nfd7 10. Be3 Nc5 11. Bxc5 Nxf3+ 12. exf3 dxc5 13. f4 a6 14. Rfe1 Qd6 15.
Re2 Bf6 16. Rae1 Rb8 17. Nb1 c6 18. Nc3 Bd7 19. a4 Be8 20. a5 Bf7 21. Na4 Rfe8
22. Nb6 cxd5 23. cxd5 Kg7 24. Qc4 Rbd8 25. h4 Kh8 26. b3 h6 27. Bf3 Rg8 28. Kg2
Rg7 29. Rc2 g5 30. hxg5 hxg5 31. fxg5 Bxg5 32. Qxc5 Qg6 33. Qc7 Rdg8 34. Rh1+
Rh7 35. Rxh7+ Qxh7 36. Qxb7 f4 37. Qc7 fxg3 38. fxg3 Bf4 39. Qc3+ Rg7 40. Kf1
Be5 41. Qc4 Rxg3 42. Be4 Qh3+ 43. Rg2 Bg6 44. Kf2 Rxg2+ 45. Bxg2 Qg3+ 46. Kg1
Qe3+ 47. Kh1 Qe1+ 48. Qf1 Qh4+ 49. Bh3 Be4+ 50. Kg1 Qg3+ 51. Bg2 Bd4+ 0-1

[Event "TCh-NOR Elite 2023-24"]
[Site "Oslo NOR"]
[Date "2023.10.29"]
[Round "3.12"]
[White "Mitusov, Semen"]
[Black "Tisdall, Jonathan D"]
[Result "1-0"]
[WhiteTitle "IM"]
[BlackTitle "GM"]
[WhiteElo "2487"]
[BlackElo "2368"]
[WhiteTeam "OSS"]
[BlackTeam "Asker"]
[WhiteFideId "14151049"]
[BlackFideId "1500066"]
[EventDate "2023.10.27"]
[EventType "team"]

1. e4 c5 2. Nf3 e6 3. d4 cxd4 4. Nxd4 a6 5. c4 Nf6 6. Nc3 d6 7. Be3 b6 8. Be2
Bb7 9. f3 Nbd7 10. O-O Be7 11. Qd2 h5 12. Rfd1 O-O 13. a4 Qb8 14. Nb3 Nc5 15.
Qc2 Rc8 16. a5 Nxb3 17. Qxb3 bxa5 18. Rxa5 Bd8 19. Ra4 a5 20. Ra3 Bc6 21. Qxb8
Raxb8 22. Ra2 Bc7 23. Bf4 Bb6+ 24. Kf1 e5 25. Bg3 Bc5 26. Bf2 Bb4 27. Be1 Kf8
28. Nb5 Bxb5 29. cxb5 Rc2 30. Bd3 Rc5 31. Bxb4 axb4 32. Ra4 d5 33. Rxb4 dxe4 34.
fxe4 Nd7 35. Ke2 Ke7 36. Ra1 Rb7 37. Ke3 Nb6 38. Ke2 g6 39. Rb3 Rbc7 40. Ra6 Rb7
41. Rba3 Kd6 42. Ra1 Ke6 43. Ra7 Rcc7 44. R7a6 Rc5 45. Rf1 Ke7 46. b3 Rc3 47.
Rb1 Rd7 48. Rd1 Rb7 49. Ra3 Rd7 50. Rd2 Rb7 51. Rc2 Rxc2+ 52. Bxc2 Nc8 53. Bd3
Nd6 54. Ra5 f5 55. exf5 gxf5 56. Bc4 h4 57. Kf3 Kf6 58. Ra6 Ke7 59. Ke3 Rc7 60.
Kd3 Kd7 61. Ra8 h3 62. gxh3 Nb7 63. b6 1-0

[Event "TCh-NOR Elite 2023-24"]
[Site "Oslo NOR"]
[Date "2023.10.29"]
[Round "3.13"]
[White "Sahl, Bjarke"]
[Black "Ingebretsen, Jens E"]
[Result "1-0"]
[WhiteTitle "IM"]
[BlackTitle "IM"]
[WhiteElo "2223"]
[BlackElo "2402"]
[WhiteTeam "Asker"]
[BlackTeam "OSS"]
[WhiteFideId "1400231"]
[BlackFideId "1522965"]
[EventDate "2023.10.27"]
[EventType "team"]

1. e4 c5 2. Nf3 Nc6 3. c3 Nf6 4. e5 Nd5 5. g3 d6 6. exd6 Bg4 7. Bg2 e6 8. Qa4
Bxf3 9. Bxf3 Bxd6 10. O-O Qf6 11. Bxd5 exd5 12. d4 cxd4 13. cxd4 Qxd4 14. Qxd4
Nxd4 15. Nc3 Nc2 16. Rb1 d4 17. Rd1 O-O 18. Ne2 Be5 19. Bd2 Rfd8 20. Nc1 Rac8
21. Nd3 Bf6 22. h4 h5 23. a3 Rc6 24. Bf4 b5 25. Bd2 Rdc8 26. Rbc1 Bd8 27. Ne5
Re6 28. Nd3 a5 29. Nf4 Re5 30. Nd3 Rd5 31. Nf4 Rf5 32. Re1 Kf8 33. Re2 Rfc5 34.
Nd3 R5c6 35. Re5 Rb8 36. Rxh5 g6 37. Rd5 Rbc8 38. Rxb5 a4 39. h5 gxh5 40. Rxh5
Kg7 41. Rb5 Rc4 42. Rb7 Bf6 43. g4 Kg6 44. Rb6 Kg7 45. Kf1 R8c7 46. Rb5 Rc8 47.
Ke2 Be7 48. Rb7 Bd6 49. Kd1 R8c6 50. Rd7 Bb8 51. Re7 Bd6 52. Re2 Bc7 53. Bg5 Kg6
54. Be7 Ne3+ 55. fxe3 Rxc1+ 56. Nxc1 dxe3 57. Rxe3 Rc4 58. Rc3 Rd4+ 59. Kc2 Be5
60. Rc6+ f6 1-0

[Event "TCh-NOR Elite 2023-24"]
[Site "Oslo NOR"]
[Date "2023.10.29"]
[Round "3.14"]
[White "Al-Tarboush, Ward"]
[Black "Hammerstad, Asmund"]
[Result "1-0"]
[WhiteTitle "FM"]
[BlackTitle "CM"]
[WhiteElo "2277"]
[BlackElo "2169"]
[WhiteTeam "OSS"]
[BlackTeam "Asker"]
[WhiteFideId "7601450"]
[BlackFideId "1502140"]
[EventDate "2023.10.27"]
[EventType "team"]

1. e4 e6 2. d4 d5 3. exd5 exd5 4. Bd3 Nf6 5. Bg5 h6 6. Bh4 c5 7. Qe2+ Be6 8. Bf5
Nc6 9. Nf3 Qe7 10. Bxe6 Qxe6 11. Bxf6 gxf6 12. Nc3 O-O-O 13. O-O-O Qxe2 14. Nxe2
c4 15. Nf4 Rg8 16. g3 Bb4 17. c3 Be7 18. Rhe1 Rh8 19. Nh5 Rd6 20. Nh4 Re6 21.
Nf5 Kd7 22. Nf4 Rxe1 23. Rxe1 Bd8 24. h4 b5 25. h5 b4 26. Nxd5 bxc3 27. bxc3 1-0

[Event "TCh-NOR Elite 2023-24"]
[Site "Oslo NOR"]
[Date "2023.10.29"]
[Round "3.15"]
[White "Aulin-Jansson, Joran"]
[Black "Melaa, Sondre"]
[Result "0-1"]
[WhiteTitle "FM"]
[WhiteElo "2100"]
[BlackElo "2285"]
[WhiteTeam "Asker"]
[BlackTeam "OSS"]
[WhiteFideId "1500279"]
[BlackFideId "1530470"]
[EventDate "2023.10.27"]
[EventType "team"]

1. c4 g6 2. Nc3 c5 3. g3 Bg7 4. Bg2 Nc6 5. Nf3 Nf6 6. O-O d5 7. cxd5 Nxd5 8. Qa4
Nc7 9. d3 O-O 10. Qh4 Ne6 11. Bh6 Ncd4 12. Bxg7 Nf5 13. Qc4 Kxg7 14. e3 Rb8 15.
Rfd1 b6 16. Ne5 Bb7 17. Nc6 Bxc6 18. Bxc6 h5 19. Ne2 Qd6 20. Be4 Qe5 21. Qc3
Qxc3 22. bxc3 Rfd8 23. a4 Rd6 24. d4 cxd4 25. cxd4 a6 26. Rdc1 b5 27. Rab1 b4
28. h4 Rdb6 29. Bxf5 gxf5 30. d5 Nf8 31. Nd4 Kf6 32. a5 Rd6 33. Rc6 Ke5 34. Rxd6
Kxd6 35. Nc6 Rb5 36. Rxb4 Rxd5 37. Rb6 Nd7 38. Rxa6 Nc5 39. Rb6 Nd7 40. Ra6 Nc5
41. Rb6 Nd7 42. Nd4+ Nxb6 43. axb6 e6 44. Kg2 Rc5 45. Nf3 Rb5 46. Nd2 Kd5 47.
Nf3 Rxb6 48. Ng5 f6 49. Nf3 e5 50. Ng1 Ke4 51. Ne2 Rc6 52. Ng1 Rc2 53. Nh3 Ra2
54. Kf1 Rb2 55. Kg2 Rb1 56. Ng1 f4 57. exf4 exf4 58. Nf3 Rb2 59. Nh2 f5 60. gxf4
Kxf4 61. Nf1 Rb3 62. Ng3 Kg4 63. f3+ Rxf3 64. Nxh5 Re3 65. Ng7 Re7 0-1

[Event "TCh-NOR Elite 2023-24"]
[Site "Oslo NOR"]
[Date "2023.10.29"]
[Round "3.21"]
[White "Kvaloy, Aksel Bu"]
[Black "Sklyarov, Dmitry V."]
[Result "1-0"]
[WhiteTitle "IM"]
[BlackTitle "IM"]
[WhiteElo "2454"]
[BlackElo "2447"]
[WhiteTeam "Stavanger"]
[BlackTeam "Alta"]
[WhiteFideId "1528815"]
[BlackFideId "4157052"]
[EventDate "2023.10.27"]
[EventType "team"]

1. e4 d6 2. d4 Nf6 3. Nc3 e5 4. Nge2 Be7 5. h3 O-O 6. g4 exd4 7. Nxd4 d5 8. e5
Ne4 9. Nxe4 dxe4 10. Bg2 Qd5 11. Bf4 Nd7 12. Nf5 Qa5+ 13. c3 Re8 14. Nxe7+ Rxe7
15. O-O c6 16. b4 Qd5 17. Re1 Nb6 18. Qc2 f5 19. exf6 gxf6 20. Rad1 Qf7 21. Rd8+
Kg7 22. Qd2 Qg6 23. Bh6+ Qxh6 24. Rg8+ Kxg8 25. Qxh6 Rf7 26. Bxe4 Bd7 27. Rd1
Re8 28. Rxd7 Nxd7 29. Bxh7+ Rxh7 30. Qg6+ Kf8 31. Qxh7 Re7 32. Qf5 Kg7 33. h4 1-0

[Event "TCh-NOR Elite 2023-24"]
[Site "Oslo NOR"]
[Date "2023.10.29"]
[Round "3.22"]
[White "Mikalsen, Erlend"]
[Black "Gjestemoen-VonHirsch, Andre"]
[Result "1-0"]
[WhiteTitle "IM"]
[BlackTitle "FM"]
[WhiteElo "2338"]
[BlackElo "2295"]
[WhiteTeam "Alta"]
[BlackTeam "Stavanger"]
[WhiteFideId "1507338"]
[BlackFideId "1539531"]
[EventDate "2023.10.27"]
[EventType "team"]

1. e4 c5 2. Nf3 Nc6 3. d4 cxd4 4. Nxd4 Nf6 5. Nc3 e5 6. Nde2 Bc5 7. Ng3 d6 8.
Na4 Qa5+ 9. c3 Ng4 10. Nxc5 Qxc5 11. Qf3 O-O 12. h3 Nf6 13. Bg5 Ne8 14. b4 Qb6
15. b5 Na5 16. Be7 Be6 17. Bxf8 Kxf8 18. Be2 Rc8 19. O-O Qc5 20. Rfc1 Nc7 21. c4
Na8 22. Qc3 Nxc4 23. Bxc4 Bxc4 24. Nf5 g6 25. Ne3 Nb6 26. a4 Be6 27. Qd2 Qd4 28.
Rxc8+ Nxc8 29. Qxd4 exd4 30. Nd5 Bxd5 31. exd5 Nb6 32. Kf1 Nxd5 33. Rd1 Ke7 34.
Rxd4 Nc7 35. Rc4 Kd7 36. Ke2 Ne6 37. Ke3 d5 38. Rc2 f5 39. g3 d4+ 40. Kd3 Kd6
41. Kc4 d3 42. Kxd3 Nc5+ 43. Kd4 Nxa4 44. Ra2 Nc5 45. Rxa7 h5 46. h4 b6 47. f4
Ke6 48. Rc7 Nd7 49. Rxd7 1-0

[Event "TCh-NOR Elite 2023-24"]
[Site "Oslo NOR"]
[Date "2023.10.29"]
[Round "3.23"]
[White "Shehzad, Shazil"]
[Black "Nielsen, Andre"]
[Result "1/2-1/2"]
[WhiteTitle "FM"]
[BlackTitle "FM"]
[WhiteElo "2301"]
[BlackElo "2263"]
[WhiteTeam "Stavanger"]
[BlackTeam "Alta"]
[WhiteFideId "1521942"]
[BlackFideId "1518240"]
[EventDate "2023.10.27"]
[EventType "team"]

1. d4 d5 2. Nc3 Nc6 3. e4 dxe4 4. d5 Nb8 5. Bf4 Nf6 6. f3 e6 7. Bb5+ c6 8. dxc6
Qxd1+ 9. Rxd1 bxc6 10. Ba4 Bb4 11. fxe4 Ke7 12. Ne2 Nxe4 13. a3 Nxc3 14. Nxc3
Bxc3+ 15. bxc3 Rd8 16. Kf2 Ba6 17. Rxd8 Kxd8 18. Rd1+ Kc8 19. Be5 Bb5 20. Bxb5
cxb5 21. Bxg7 Nd7 22. Rd4 Kd8 23. Rh4 Ke7 24. Rxh7 Rc8 25. Rh3 Rc4 26. Rd3 Nc5
27. Re3 f6 28. Kf3 Rh4 29. c4 bxc4 30. Rc3 Kf7 31. g3 Na4 32. gxh4 Nxc3 33. Bh6
e5 34. Bc1 Kg6 35. Bb2 Na4 36. Ba1 Kf5 37. h5 c3 1/2-1/2

[Event "TCh-NOR Elite 2023-24"]
[Site "Oslo NOR"]
[Date "2023.10.29"]
[Round "3.24"]
[White "Skaar, Ben Samuel Groth"]
[Black "Fossan, Petter"]
[Result "1/2-1/2"]
[BlackTitle "FM"]
[WhiteElo "2032"]
[BlackElo "2259"]
[WhiteTeam "Alta"]
[BlackTeam "Stavanger"]
[WhiteFideId "1552660"]
[BlackFideId "1500260"]
[EventDate "2023.10.27"]
[EventType "team"]

1. e4 c6 2. Nc3 d5 3. Qf3 dxe4 4. Nxe4 Nf6 5. Bc4 e6 6. Ne2 Nxe4 7. Qxe4 Nd7 8.
d4 Nf6 9. Qf3 Be7 10. Bd2 Bd7 11. O-O O-O 12. Rfd1 Qb6 13. Qb3 Qxb3 14. Bxb3
Rfd8 15. Nf4 c5 16. dxc5 Bxc5 17. Nd3 Bb6 18. Ne5 Be8 19. Nc4 Bc5 20. Be3 Ne4
21. c3 Bxe3 22. Nxe3 Nc5 23. Bc2 Na4 24. Rxd8 Rxd8 25. Rd1 Rxd1+ 26. Nxd1 Kf8
27. f4 Ke7 28. Kf2 h6 29. h4 Kd6 30. Bxa4 Bxa4 31. Ne3 Bc6 32. g3 Kc5 33. Ke2
Be4 34. Nf1 Bb1 35. a3 a5 36. Nd2 Bc2 37. b3 a4 38. b4+ Kd5 39. Ke3 b5 40. Kf3
f6 41. Ke3 e5 42. fxe5 fxe5 43. Kf3 Bd3 44. Ke3 e4 45. Kf4 g5+ 46. hxg5 hxg5+
47. Ke3 Ke5 48. Kf2 Ke6 49. Ke3 Ke5 50. Kf2 Kf5 51. Ke3 Ke5 52. Kf2 1/2-1/2

[Event "TCh-NOR Elite 2023-24"]
[Site "Oslo NOR"]
[Date "2023.10.29"]
[Round "3.25"]
[White "Kizatbay, Abyl"]
[Black "Hammari, Vinjar"]
[Result "1/2-1/2"]
[WhiteElo "2177"]
[BlackElo "1997"]
[WhiteTeam "Stavanger"]
[BlackTeam "Alta"]
[WhiteFideId "1521853"]
[BlackFideId "1552007"]
[EventDate "2023.10.27"]
[EventType "team"]

1. e4 e6 2. d4 d5 3. Nd2 c5 4. exd5 Qxd5 5. Ngf3 cxd4 6. Bc4 Qd6 7. O-O Nf6 8.
Nb3 Nc6 9. Nbxd4 Nxd4 10. Nxd4 Be7 11. c3 O-O 12. Qf3 Qc7 13. Bb3 a5 14. a4 Bd7
15. Re1 Bd6 16. h4 h5 17. Bg5 Ng4 18. Rad1 Bh2+ 19. Kh1 Be5 20. g3 Qb6 21. Re2
Rae8 22. Bc2 Qc7 23. Nb5 Qc8 24. Nd6 Bxd6 25. Rxd6 Bc6 26. Be4 Bxa4 27. Bxb7 Qc7
28. Rd4 Rb8 29. Rxa4 Rxb7 30. Rxa5 Rxb2 31. Rxb2 Qxa5 32. Rb7 Ne5 33. Qe4 Qxc3
34. Kg2 Qc6 35. Qxc6 Nxc6 36. Be7 Rc8 37. Bd6 Rd8 38. Bf4 Nd4 39. Ra7 Rd5 40.
Be3 Nf5 41. Kf3 Rb5 42. Rc7 Rb3 43. Ra7 Nh6 44. Ra5 Nf5 45. Kg2 Kh7 46. Bc5 Kg6
47. Ra4 Nh6 48. Bd4 Ng4 49. Ra5 f6 50. Ra7 Rd3 51. Bc5 Nh6 52. Ra6 e5 53. Ra4
Rc3 54. Bb6 Rc6 55. Ba7 Kf5 56. Ra2 Ng4 57. Rb2 Ra6 58. Bc5 e4 59. Bd4 Rd6 60.
Rb5+ Kg6 61. Rb4 Rd5 62. Ra4 Kf5 63. Rb4 Ra5 64. Kg1 Ra3 65. Rb7 Rd3 66. Rb4 Ke6
67. Ba7 Kf5 68. Rb5+ Kg6 69. Rb4 Rd1+ 70. Kg2 Re1 71. Bd4 Re2 72. Kg1 Rd2 73.
Ra4 Kf5 74. Rb4 Ke6 75. Bb6 Kd5 76. Rb5+ Kc6 77. Rb4 Ne5 78. Be3 Rd1+ 79. Kg2
Kd5 80. Bf4 Nf3 81. Rb5+ Kc4 82. Rxh5 g6 83. Rh8 g5 84. Rc8+ Kd3 85. Rd8+ Ke2
86. Rxd1 Kxd1 87. hxg5 fxg5 88. Be3 g4 89. Ba7 Ke2 90. Bb6 Ne1+ 91. Kg1 Kf3 92.
Ba7 Nc2 93. Bb6 Nb4 94. Ba7 Nc6 95. Bb6 Ne7 96. Bc7 Nf5 97. Bb8 e3 98. fxe3 Nxe3
99. Bc7 Nf5 100. Kh2 Kf2 101. Bb8 Nxg3 102. Bxg3+ 1/2-1/2

[Event "TCh-NOR Elite 2023-24"]
[Site "Oslo NOR"]
[Date "2023.10.29"]
[Round "3.26"]
[White "Mikalsen, Harald"]
[Black "Hestholm, Gustav"]
[Result "0-1"]
[WhiteElo "1944"]
[BlackElo "2010"]
[WhiteTeam "Alta"]
[BlackTeam "Stavanger"]
[WhiteFideId "1511564"]
[BlackFideId "1529153"]
[EventDate "2023.10.27"]
[EventType "team"]

1. e4 c5 2. Nf3 d6 3. d4 cxd4 4. Nxd4 Nf6 5. Nc3 Nc6 6. Be2 e5 7. Nb3 Be7 8. Bg5
Be6 9. Bxf6 Bxf6 10. Nd5 O-O 11. Nxf6+ Qxf6 12. O-O Rfd8 13. c4 Qg6 14. f3 Rac8
15. Qe1 f5 16. Qg3 Qxg3 17. hxg3 fxe4 18. fxe4 Nb4 19. Nd2 Rf8 20. b3 Nc2 21.
Rab1 Nd4 22. Bf3 b5 23. cxb5 Rc2 24. Nc4 Nxb5 25. Rf2 Rxf2 26. Kxf2 Nc3 27. Re1
Nxa2 28. Ra1 Nb4 29. Rxa7 Bxc4 30. bxc4 Rf7 31. Ra8+ Rf8 32. Ra7 Rf7 33. Ra8+
Rf8 34. Ra4 Nd3+ 35. Ke3 Nc5 36. Ra7 Rb8 37. Kd2 Rb2+ 38. Kc3 Rb3+ 39. Kd2 Rd3+
40. Ke2 Rd4 41. Ke3 Rxc4 42. Re7 Kf8 43. Ra7 Rb4 44. Rc7 Rb3+ 45. Ke2 Rb7 46.
Rc8+ Ke7 47. Rh8 h6 48. Rg8 Ne6 49. Bg4 Nd4+ 50. Kf2 Rb2+ 51. Kf1 Nc2 52. Bf3
Ne3+ 53. Kg1 g5 54. g4 Kf7 55. Rh8 Kg7 56. Rd8 h5 57. Rd7+ Kf8 58. Rxd6 hxg4 59.
Rd3 g3 0-1

[Event "TCh-NOR Elite 2023-24"]
[Site "Oslo NOR"]
[Date "2023.10.29"]
[Round "3.46"]
[White "Torfoss, Sivert Schanche"]
[Black "Dolgova, Olga"]
[Result "1/2-1/2"]
[BlackTitle "WIM"]
[WhiteElo "1993"]
[BlackElo "2171"]
[WhiteTeam "Tromso"]
[BlackTeam "Offerspill"]
[WhiteFideId "1542761"]
[BlackFideId "4158296"]
[EventDate "2023.10.27"]
[EventType "team"]

1. Nf3 d5 2. e3 Nf6 3. c4 c6 4. Nc3 e6 5. b3 Be7 6. Bb2 O-O 7. Qc2 Nbd7 8. d4 a6
9. Bd3 c5 10. cxd5 exd5 11. O-O Bd6 12. e4 cxd4 13. Nxd5 Ne5 14. Nxf6+ Qxf6 15.
Nxe5 Qxe5 16. f4 Qc5 17. Qf2 Rd8 18. Bxd4 Qb4 19. Bc4 Bc7 20. Kh1 Be6 21. a3 Qe7
22. Bc5 Qe8 23. e5 Bxc4 24. bxc4 Qa4 25. Qe2 Qc6 26. Bf2 Rac8 27. Rfd1 Ba5 28.
c5 Qa4 29. Qf3 Bd2 30. Be3 Bxe3 31. Rxd8+ Rxd8 32. Qxe3 Rd1+ 33. Rxd1 Qxd1+ 34.
Qg1 Qd2 35. Qf1 Qc3 36. Qd1 Qxc5 37. Qd8+ Qf8 38. Qd7 g6 39. a4 Qb8 40. h4 b5
41. axb5 axb5 42. e6 fxe6 43. Qxe6+ Kg7 44. Qe7+ Kg8 45. Qe6+ Kf8 46. Qf6+ Kg8 1/2-1/2

[Event "TCh-NOR Elite 2023-24"]
[Site "Oslo NOR"]
[Date "2023.10.29"]
[Round "3.31"]
[White "Romanov, Evgeny"]
[Black "Can, Isik"]
[Result "1/2-1/2"]
[WhiteTitle "GM"]
[BlackTitle "IM"]
[WhiteElo "2596"]
[BlackElo "2493"]
[WhiteTeam "Valerenga"]
[BlackTeam "SK 1911"]
[WhiteFideId "4148843"]
[BlackFideId "6383742"]
[EventDate "2023.10.27"]
[EventType "team"]

1. g3 e5 2. c4 Nf6 3. Nc3 c6 4. d4 e4 5. Bg5 Bb4 6. Qb3 Bxc3+ 7. Qxc3 O-O 8. Nh3
h6 9. Bxf6 Qxf6 10. Nf4 d6 11. h4 Re8 12. O-O-O a5 13. f3 Na6 14. Qxa5 Bf5 15.
Nh5 Qe6 16. Qc3 exf3 17. exf3 Nb4 18. Qxb4 Rxa2 19. Qc3 Qe2 20. Bxe2 Rxe2 21. b3
Ra1+ 22. Qxa1 Rc2+ 23. Kb1 Rd2+ 24. Kc1 Rc2+ 25. Kb1 Rd2+ 1/2-1/2

[Event "TCh-NOR Elite 2023-24"]
[Site "Oslo NOR"]
[Date "2023.10.29"]
[Round "3.32"]
[White "Isik, Alparslan"]
[Black "Bosiocic, Marin"]
[Result "1-0"]
[WhiteTitle "IM"]
[BlackTitle "GM"]
[WhiteElo "2452"]
[BlackElo "2549"]
[WhiteTeam "SK 1911"]
[BlackTeam "Valerenga"]
[WhiteFideId "34506896"]
[BlackFideId "14507927"]
[EventDate "2023.10.27"]
[EventType "team"]

1. Nf3 Nf6 2. g3 b5 3. Bg2 Bb7 4. b3 e6 5. c4 a6 6. Nc3 d5 7. cxb5 d4 8. bxa6
Rxa6 9. Na4 g5 10. O-O g4 11. Ne1 Bxg2 12. Nxg2 h5 13. Bb2 h4 14. e3 Nc6 15. Rc1
Be7 16. Rc4 Qd5 17. Bxd4 Qh5 18. Nxh4 Nxd4 19. Rxd4 Ra5 20. f3 Rg5 21. fxg4 Nxg4
22. Qf3 f5 23. Nc5 Rg6 24. Rxg4 Rxg4 25. Qc6+ Kf8 26. Qxe6 1-0